[Event "Sao Martinho do Porto op 1st"]
[Site "Sao Martinho do Porto"]
[Date "2018.09.17"]
[Round "5"]
[White "Hart, Alexander E"]
[Black "Oliveira, Tomas Honorio"]
[Result "1/2-1/2"]
[WhiteElo "1901"]
[BlackElo "1596"]
[PlyCount "112"]
[EventDate "2018.09.15"]
[EventType "swiss"]
[EventRounds "9"]
[EventCountry "POR"]
[SourceTitle "CBM 186 Extra"]
[Source "ChessBase"]
[SourceDate "2018.08.24"]
[SourceVersion "1"]
[SourceVersionDate "2018.08.24"]
[SourceQuality "1"]

1. c4 e6 2. Nf3 d5 3. e3 f5 4. cxd5 exd5 5. b3 Nf6 6. Bb2 Bd6 7. g3 c6 8. Bg2 0-0 9. 0-0 Qe7 10. d3 Nbd7 11. a3 Ne5 12. Ng5 Nfg4 13. Nh3 Ng6 14. Nd2 Be5 15. d4 Bd6 16. b4 a6 17. Qb3 Nf6 18. f3 Kh8 19. Rae1 Bd7 20. Nf2 Rae8 21. e4 fxe4 22. fxe4 dxe4 23. Ndxe4 Nxe4 24. Bxe4 Qd8 25. Qc2 Re6 26. Re2 Bc7 27. Rfe1 Bb6 28. Nd3 Ref6 29. Nc5 Bh3 30. Bg2 Bxg2 31. Kxg2 Bxc5 32. dxc5 Qd5+ 33. Kg1 R6f7 34. Qc3 Qf5 35. Qd4 Kg8 36. a4 Qh3 37. Bc3 Qf5 38. Qc4 Kh8 39. Bd4 Qh3 40. Qc1 Qg4 41. Qb2 Kg8 42. Re4 Qh3 43. Qe2 Qf5 44. Re6 Qd5 45. Qb2 Qf5 46. Qb3 Kh8 47. b5 Qh3 48. Qc4 axb5 49. axb5 Qf5 50. bxc6 bxc6 51. Rxc6 Qh3 52. Rce6 Nh4 53. gxh4 Qg4+ 54. Kh1 Qf3+ 55. Kg1 Qg4+ 56. Kh1 Qf3+ 1/2-1/2

[Event "Leiria op 5th"]
[Site "Leiria"]
[Date "2017.07.15"]
[Round "2"]
[White "Oliveira, Tomas Honorio"]
[Black "Oliveira, Antonio1111"]
[Result "1-0"]
[WhiteElo "1580"]
[BlackElo "1371"]
[PlyCount "47"]
[EventDate "2017.07.14"]
[EventType "swiss"]
[EventRounds "5"]
[EventCountry "POR"]
[SourceTitle "EXT 2018"]
[Source "ChessBase"]
[SourceDate "2017.10.13"]
[SourceVersion "1"]
[SourceVersionDate "2017.10.13"]
[SourceQuality "1"]

1. c4 c5 2. g3 Nf6 3. Bg2 e6 4. Nc3 Be7 5. Nf3 d5 6. cxd5 exd5 7. d4 c4 8. 0-0 0-0 9. Bg5 Nc6 10. e3 h6 11. Bxf6 Bxf6 12. Nd2 Be6 13. b3 Rb8 14. bxc4 dxc4 15. Nde4 Bf5 16. Nxf6+ Qxf6 17. Ne4 Qg6 18. Nc5 Rfd8 19. Rc1 b5 20. a3 a5 21. Qf3 Rb6 22. Qf4 Rbb8 23. Bxc6 Rb6 24. Bb7 1-0

[Event "POR-ch U20"]
[Site "Luso"]
[Date "2015.07.23"]
[Round "3"]
[White "Romano, Joao Manuel Pereira"]
[Black "Oliveira, Tomas Honorio"]
[Result "1-0"]
[WhiteElo "1760"]
[BlackElo "1543"]
[PlyCount "65"]
[EventDate "2015.07.22"]
[EventType "swiss"]
[EventRounds "7"]
[EventCountry "POR"]
[SourceTitle "EXT 2018"]
[Source "ChessBase"]
[SourceDate "2017.10.13"]
[SourceVersion "1"]
[SourceVersionDate "2017.10.13"]
[SourceQuality "1"]

1. e4 e6 2. d4 d5 3. Nc3 Nf6 4. e5 Nfd7 5. f4 c5 6. Nf3 Nc6 7. Be3 Be7 8. Qd2 0-0 9. 0-0-0 c4 10. f5 b5 11. fxe6 fxe6 12. Nxb5 Qb6 13. Nd6 Rb8 14. c3 Qa5 15. Kb1 Nb6 16. Ka1 Na4 17. Rb1 Bd7 18. Qc2 Rb6 19. Bxc4 Bxd6 20. Ng5 g6 21. Bd3 Kg7 22. exd6 Rbb8 23. b4 Qd8 24. b5 Qa5 25. bxc6 Bxc6 26. Nxe6+ Kg8 27. Nxf8 Rxb1+ 28. Rxb1 Kxf8 29. Bd2 Ke8 30. c4 Qd8 31. cxd5 Bd7 32. Bxg6+ hxg6 33. Qxg6+ 1-0

[Event "Coimbra Queima das Fitas op"]
[Site "Coimbra"]
[Date "2015.05.01"]
[Round "2"]
[White "Oliveira, Tomas Honorio"]
[Black "Coimbra, Joao Marcial Ferrei"]
[Result "1-0"]
[WhiteElo "1530"]
[BlackElo "1441"]
[PlyCount "143"]
[EventDate "2015.04.30"]
[EventType "swiss"]
[EventRounds "7"]
[EventCountry "POR"]
[SourceTitle "EXT 2018"]
[Source "ChessBase"]
[SourceDate "2017.10.13"]
[SourceVersion "1"]
[SourceVersionDate "2017.10.13"]
[SourceQuality "1"]

1. e4 d6 2. d4 c6 3. Nc3 Qa5 4. Nf3 h6 5. h3 e6 6. Bc4 Ne7 7. 0-0 a6 8. a3 d5 9. exd5 cxd5 10. Bb3 Bd7 11. Ne5 Nbc6 12. Nxd7 Kxd7 13. Na4 Nf5 14. Be3 Bd6 15. Qg4 f6 16. Nc3 Nce7 17. Qf3 Raf8 18. Rad1 g5 19. Na4 Rc8 20. g4 Nxe3 21. fxe3 f5 22. Nc3 Rhf8 23. Qe2 b5 24. Rf3 Qc7 25. Rdf1 Bxa3 26. Nxb5 axb5 27. Qxb5+ Qc6 28. Qxc6+ Nxc6 29. bxa3 Kd6 30. gxf5 e5 31. dxe5+ Kxe5 32. f6 Rcd8 33. f7 Ne7 34. Rf6 Rd6 35. Rxd6 Kxd6 36. c4 Ke5 37. cxd5 Nc8 38. Rf3 Nd6 39. Kf2 h5 40. a4 Ne4+ 41. Ke2 g4 42. hxg4 hxg4 43. Rf4 g3 44. Bc2 Nc3+ 45. Kf3 Nxd5 46. Re4+ Kd6 47. Kxg3 Rxf7 48. Rd4 Kc5 49. Re4 Ra7 50. Kf2 Rb7 51. Ke1 Rb2 52. Bd3 Kd6 53. Rd4 Ke5 54. Re4+ Kd6 55. Bb5 Rb1+ 56. Kd2 Rb3 57. Bc4 Rb2+ 58. Kc1 Rh2 59. Rd4 Rh5 60. Rxd5+ Rxd5 61. Bxd5 Kxd5 62. Kd2 Kc4 63. Ke2 Kb4 64. Kd3 Kxa4 65. Kd4 Kb5 66. Kd5 Kb6 67. Kd6 Kb7 68. e4 Kc8 69. Ke7 Kc7 70. e5 Kc8 71. e6 Kc7 72. Kf7 1-0

[Event "POR-ch U18"]
[Site "Luso"]
[Date "2014.07.26"]
[Round "5"]
[White "Oliveira, Tomas Honorio"]
[Black "Leao, Tiago Miguel da S"]
[Result "0-1"]
[WhiteElo "1434"]
[BlackElo "1746"]
[PlyCount "70"]
[EventDate "2014.07.23"]
[EventType "swiss"]
[EventRounds "7"]
[EventCountry "POR"]
[SourceTitle "EXT 2015"]
[Source "ChessBase"]
[SourceDate "2014.11.20"]
[SourceVersion "1"]
[SourceVersionDate "2014.11.20"]
[SourceQuality "1"]

1. e4 c5 2. c3 d5 3. exd5 Qxd5 4. d4 Nc6 5. Nf3 Bf5 6. Be2 cxd4 7. cxd4 Bxb1 8. Rxb1 Qxa2 9. Bd2 e6 10. Ne5 Nxe5 11. dxe5 Ne7 12. b3 Nc6 13. Bc3 Rd8 14. Qc1 Ba3 15. Ra1 Qxe2+ 16. Kxe2 Bxc1 17. Rhxc1 a6 18. b4 Ke7 19. Rcb1 Rd5 20. f4 Rhd8 21. Ra2 Na7 22. Rd2 Nb5 23. Rc2 Na3 24. Rbb2 Nxc2 25. Rxc2 Kd7 26. Bd2 Rc8 27. Rb2 Rc4 28. g3 Kc6 29. Be3 b6 30. h4 Kb5 31. Kf2 Rxb4 32. Rxb4+ Kxb4 33. Bxb6 a5 34. Ke3 a4 35. Bd4 Rxd4 0-1

[Event "POR-ch U18"]
[Site "Luso"]
[Date "2014.07.25"]
[Round "4"]
[White "Martins, Diogo Faria Oliveir"]
[Black "Oliveira, Tomas Honorio"]
[Result "1/2-1/2"]
[WhiteElo "1656"]
[BlackElo "1434"]
[PlyCount "75"]
[EventDate "2014.07.23"]
[EventType "swiss"]
[EventRounds "7"]
[EventCountry "POR"]
[SourceTitle "EXT 2015"]
[Source "ChessBase"]
[SourceDate "2014.11.20"]
[SourceVersion "1"]
[SourceVersionDate "2014.11.20"]
[SourceQuality "1"]

1. e4 e5 2. Nf3 Nc6 3. Bc4 Bc5 4. c3 Nf6 5. d3 h6 6. 0-0 0-0 7. Re1 Re8 8. Nbd2 a6 9. Bb3 Ba7 10. Nf1 d6 11. Ne3 Be6 12. h3 Bxb3 13. Qxb3 Rb8 14. Nf5 Ne7 15. N3h4 Nxf5 16. Nxf5 d5 17. exd5 Qxd5 18. Qxd5 Nxd5 19. Bd2 f6 20. d4 exd4 21. Nxd4 Bxd4 22. cxd4 Kf7 23. Rac1 c6 24. f3 Rxe1+ 25. Rxe1 Re8 26. Re4 Re6 27. g4 Ke7 28. Kf2 Kd6 29. Ke2 b6 30. Kd3 a5 31. h4 g5 32. hxg5 hxg5 33. b3 Kd7 34. Kc4 Kd6 35. a3 Re7 36. Rxe7 Kxe7 37. b4 axb4 38. axb4 1/2-1/2